000 00340nam a2200133Ia 4500
005 20251222141930.0
008 251222s9999||||xx |||||||||||||| ||spa||
020 _a84-331-0712-7
082 _a371.2/G63
100 _aGómez Dacal, Gonzalo
245 0 _aCurso de Organización Escolar y General
264 _bEscuela Española
942 _cLIB
999 _c8996
_d8996